[Event "DEM U10 2012"]
[Site "Oberhof GER"]
[Date "2012.05.27"]
[Round "2"]
[White "Voß, Henrike"]
[Black "Hasenburg, Juliana"]
[Result "1-0"]
[Termination "normal"]
[Board "42"]
[WhiteElo "1002"]
[BlackElo "776"]
[PlyCount "57"]
[WhiteFideId "12971910"]
[EventCountry "GER"]
[EventRounds "11"]
[EventType "swiss"]
[EventDate "2012.05.26"]

1. e4 e5 2. Nf3 Nc6 3. Bc4 Nf6 4. Ng5 Qe7 5. Bxf7+ Kd8 6. Bc4 d6 7. Nf7+ Ke8 8.
Nxh8 Bg4 9. f3 Be6 10. Bb3 Nd4 11. c3 Nb5 12. a4 Bxb3 13. Qxb3 Nxc3 14. Nxc3
Nd7 15. Qxb7 Rb8 16. Qxc7 Rd8 17. Ra3 Rb8 18. d3 Rb4 19. Nd5 Qh4+ 20. g3 Rxe4+
21. dxe4 Qxe4+ 22. fxe4 Nb6 23. Nxb6 axb6 24. Qf7+ Kd8 25. Bg5+ Kc8 26. Rc3+
Kb8 27. Rc7 h6 28. Rd7 Kc8 29. Rd8# 1-0

[Event "DEM U10 2012"]
[Site "Oberhof GER"]
[Date "2012.05.27"]
[Round "2"]
[White "Leib, Amina"]
[Black "Finke, Daniel"]
[Result "0-1"]
[Termination "normal"]
[Board "43"]
[WhiteElo "754"]
[BlackElo "989"]
[PlyCount "96"]
[WhiteFideId "12982970"]
[BlackFideId "16217675"]
[EventCountry "GER"]
[EventRounds "11"]
[EventType "swiss"]
[EventDate "2012.05.26"]

1. e4 e5 2. Nf3 Nc6 3. Nc3 Nf6 4. Bc4 Bc5 5. Nxe5 Nxe5 6. d4 Nxc4 7. dxc5 d6 8.
cxd6 Nxd6 9. e5 Ng4 10. O-O Nxe5 11. Re1 f6 12. a4 Bf5 13. Bf4 g5 14. Bxe5 fxe5
15. Rxe5+ Kd7 16. Rxf5 Kc8 17. Rd5 Re8 18. h3 Kb8 19. Qd2 Re6 20. Rxg5 a6 21.
Re1 Rxe1+ 22. Qxe1 Qxg5 23. Qe3 Qxe3 24. fxe3 Ka7 25. e4 Re8 26. g4 Nxe4 27.
Nxe4 Rxe4 28. Kf2 Rxa4 29. b3 Ra2 30. Kf3 Rxc2 31. Kf4 Rc5 32. g5 Kb6 33. Kg4
Kb5 34. Kh5 Kb4 35. Kh6 Kxb3 36. h4 a5 37. Kxh7 Rc6 38. g6 Rxg6 39. Kxg6 a4 40.
h5 a3 41. h6 a2 42. h7 a1=Q 43. Kf7 Qh8 44. Kg6 Kc4 45. Kf7 Qxh7+ 46. Ke8 Kd5
47. Kd8 Kc6 48. Kc8 Qh8# 0-1

[Event "DEM U10 2012"]
[Site "Oberhof GER"]
[Date "2012.05.28"]
[Round "3"]
[White "Mätzkow, Maximilian Paul"]
[Black "Keymer, Vincent"]
[Result "1/2-1/2"]
[Termination "normal"]
[Board "1"]
[WhiteElo "1685"]
[BlackElo "1721"]
[PlyCount "69"]
[WhiteFideId "24679933"]
[BlackFideId "12940690"]
[EventCountry "GER"]
[EventRounds "11"]
[EventType "swiss"]
[EventDate "2012.05.26"]

1. e4 c5 2. Nc3 e6 3. d3 d5 4. g3 d4 5. Nce2 Nc6 6. Bg2 Bd6 7. f4 e5 8. Nf3 f6
9. O-O Nge7 10. fxe5 Nxe5 11. Nxe5 Bxe5 12. Bf4 O-O 13. Bxe5 fxe5 14. Rxf8+
Qxf8 15. Qd2 Ng6 16. Rf1 Qd6 17. Nc1 a5 18. a4 Be6 19. b3 Qc6 20. h4 Nh8 21. h5
Nf7 22. Qf2 Nh6 23. Qd2 Qe8 24. Qg5 Nf7 25. Qh4 Qd8 26. Qh2 Nh6 27. Bh3 Qd7 28.
Bxe6+ Qxe6 29. Qh4 Re8 30. Ne2 Ng4 31. Qh3 Ne3 32. Qxe6+ Rxe6 33. Rc1 Kf7 34.
c3 Rc6 35. Kf2 1/2-1/2

[Event "DEM U10 2012"]
[Site "Oberhof GER"]
[Date "2012.05.28"]
[Round "3"]
[White "Wierzbicki, Jirawat"]
[Black "Rößler, Lukas"]
[Result "1/2-1/2"]
[Termination "normal"]
[Board "2"]
[WhiteElo "1541"]
[BlackElo "1515"]
[PlyCount "100"]
[WhiteFideId "1153579"]
[BlackFideId "12938718"]
[EventCountry "GER"]
[EventRounds "11"]
[EventType "swiss"]
[EventDate "2012.05.26"]

1. e4 c5 2. c3 Nc6 3. d4 cxd4 4. cxd4 d6 5. Nf3 e6 6. Be2 d5 7. e5 Nge7 8. O-O
h6 9. Nbd2 Bd7 10. Nb3 Nc8 11. Bd2 Be7 12. Qc2 O-O 13. Rac1 Nb6 14. a3 Rc8 15.
Qb1 Rc7 16. Bd3 Re8 17. Ne1 Bf8 18. f4 Ne7 19. Rxc7 Qxc7 20. Nf3 Rc8 21. g4 h5
22. h3 hxg4 23. hxg4 g6 24. Rf2 Rd8 25. Rh2 Bg7 26. Qf1 Kf8 27. Kg2 Bc8 28. Qh1
Ng8 29. Nc5 Nd7 30. Bb4 Nxc5 31. Bxc5+ Ke8 32. Bd6 Rxd6 33. exd6 Qxd6 34. Ne5
Bxe5 35. fxe5 Qf8 36. Rh8 Qg7 37. Rh7 Qf8 38. Qc1 Ne7 39. Qc7 a6 40. a4 Qg8 41.
Bxg6 Qxg6 42. Rh8+ Ng8 43. Qxc8+ Ke7 44. Rxg8 Qe4+ 45. Kf1 Qd3+ 46. Kg2 Qe2+
47. Kg1 Qe1+ 48. Kg2 Qe2+ 49. Kh3 Qe3+ 50. Kh2 Qf2+ 1/2-1/2

[Event "DEM U10 2012"]
[Site "Oberhof GER"]
[Date "2012.05.28"]
[Round "3"]
[White "Engel, Luis"]
[Black "Tong, Kevin"]
[Result "1-0"]
[Termination "normal"]
[Board "3"]
[WhiteElo "1463"]
[BlackElo "1612"]
[PlyCount "93"]
[WhiteFideId "12961523"]
[BlackFideId "12913944"]
[EventCountry "GER"]
[EventRounds "11"]
[EventType "swiss"]
[EventDate "2012.05.26"]

1. e4 c5 2. Nf3 Nc6 3. d4 cxd4 4. Nxd4 Nf6 5. f3 g6 6. c4 Bg7 7. Nc2 O-O 8. Be2
d6 9. O-O Be6 10. Nc3 Qc7 11. Be3 Rfc8 12. Qd2 Nd7 13. Rac1 Qa5 14. Na3 Nc5 15.
Nab1 Na4 16. Nxa4 Qxa4 17. b3 Qa5 18. Qxa5 Nxa5 19. Nc3 Nc6 20. Rfd1 b6 21. Nd5
Kf8 22. Kf2 f5 23. Bd3 Ne5 24. Bb1 Kf7 25. Bg5 Nc6 26. exf5 Bxf5 27. Bxf5 gxf5
28. f4 Rab8 29. Re1 Rb7 30. h3 h6 31. Bh4 Re8 32. Ne3 Kg6 33. Rcd1 Nd4 34. g4
fxg4 35. hxg4 Rf8 36. f5+ Kh7 37. Kg2 Be5 38. Nd5 Nc6 39. Rf1 Kg7 40. Nf4 Bxf4
41. Rxf4 Rd7 42. Re4 Rf7 43. Be1 Kh7 44. Bc3 Kg8 45. Rh1 Rh7 46. Re6 Kf7 47. g5
1-0

[Event "DEM U10 2012"]
[Site "Oberhof GER"]
[Date "2012.05.28"]
[Round "3"]
[White "Rockmann, Jan-Okke"]
[Black "Graf, Justus Felix"]
[Result "1-0"]
[Termination "normal"]
[Board "4"]
[WhiteElo "1767"]
[BlackElo "1507"]
[PlyCount "163"]
[WhiteFideId "12942111"]
[BlackFideId "12929212"]
[EventCountry "GER"]
[EventRounds "11"]
[EventType "swiss"]
[EventDate "2012.05.26"]

1. e4 c6 2. Nf3 d5 3. Nc3 Bg4 4. exd5 cxd5 5. h3 Bh5 6. Bb5+ Nc6 7. g4 Bg6 8.
Ne5 Rc8 9. Qf3 e6 10. h4 Bd6 11. Nxg6 hxg6 12. g5 a6 13. Bxc6+ bxc6 14. d4 Ne7
15. Be3 Nf5 16. h5 Nxe3 17. fxe3 Qxg5 18. O-O-O Rxh5 19. Rhf1 Rc7 20. Kb1 Qg3
21. Qe2 Ra7 22. Rf3 Qg4 23. Rdf1 Rh2 24. Qd3 Qh5 25. e4 Rh1 26. exd5 Rxf1+ 27.
Rxf1 cxd5 28. Na4 g5 29. Nb6 Bc7 30. Na4 g4 31. Qc3 g3 32. Qc6+ Kd8 33. Nb6
Bxb6 34. Qxb6+ Rc7 35. Qd6+ Rd7 36. Qxg3 f5 37. Qb8+ Ke7 38. Qe5 Kf7 39. Re1
Re7 40. Qd6 Qh4 41. Rd1 Qg4 42. Kc1 Qe2 43. Rd2 Qf1+ 44. Rd1 Qb5 45. Rg1 Qc4
46. Rxg7+ Kxg7 47. Qxe7+ Kg6 48. Qxe6+ Kg5 49. Qe3+ f4 50. Qg1+ Kf5 51. Kd2
Qb4+ 52. Kc1 f3 53. Qg3 Qxd4 54. Qxf3+ Ke6 55. Qe2+ Kf5 56. Qd3+ Qe4 57. Qxe4+
dxe4 58. Kd2 Kf4 59. Ke2 e3 60. c3 Ke4 61. b4 Kf4 62. a4 Ke4 63. c4 Kd4 64. c5
Kd5 65. Kxe3 a5 66. c6 Kxc6 67. b5+ Kc5 68. Ke4 Kd6 69. Kd4 Kc7 70. Kd5 Kb6 71.
Kd6 Kb7 72. Kc5 Ka7 73. Kc6 Ka8 74. Kb6 Kb8 75. Kxa5 Ka7 76. b6+ Kb7 77. Kb5
Kb8 78. Ka6 Ka8 79. a5 Kb8 80. b7 Kc7 81. Ka7 Kc6 82. b8=Q 1-0

[Event "DEM U10 2012"]
[Site "Oberhof GER"]
[Date "2012.05.28"]
[Round "3"]
[White "Shoipov, Dennie"]
[Black "Meyling, Lennart"]
[Result "1/2-1/2"]
[Termination "normal"]
[Board "5"]
[WhiteElo "1447"]
[BlackElo "1572"]
[PlyCount "100"]
[WhiteFideId "14137755"]
[BlackFideId "12947130"]
[EventCountry "GER"]
[EventRounds "11"]
[EventType "swiss"]
[EventDate "2012.05.26"]

1. e4 c5 2. Nf3 d6 3. d4 cxd4 4. Nxd4 Nf6 5. Nc3 a6 6. Be3 e5 7. Nb3 Be6 8. f3
Be7 9. Qd2 O-O 10. O-O-O Nbd7 11. g4 b5 12. h4 b4 13. Ne2 a5 14. Kb1 a4 15.
Nbc1 Rb8 16. b3 axb3 17. cxb3 Qa5 18. h5 Rfc8 19. g5 Ne8 20. Bh3 Bxh3 21. Rxh3
Nc5 22. g6 Nf6 23. gxf7+ Kxf7 24. Bg5 Ncxe4 25. fxe4 Nxe4 26. Rf1+ Kg8 27. Qe3
Nxg5 28. Rg3 Ne6 29. Qh6 Qd5 30. Rfg1 Bg5 31. Rxg5 Nxg5 32. Qxg5 Rc7 33. Ng3
Rf7 34. h6 g6 35. Nh5 Qe4+ 36. Ka1 Qf5 37. Qh4 Rc8 38. Ng3 Qf4 39. Qh1 Qd4+ 40.
Kb1 Rf2 41. Nge2 Qc5 42. Qe4 Rf6 43. Rd1 Qc6 44. Qd3 Rf3 45. Qd2 Qe4+ 46. Ka1
Rf6 47. Nd3 Rb8 48. Qc2 Rf7 49. Qd2 Rc7 50. Nf2 Qc6 1/2-1/2

[Event "DEM U10 2012"]
[Site "Oberhof GER"]
[Date "2012.05.28"]
[Round "3"]
[White "Niemann, Alexander"]
[Black "Wong, Gengchun"]
[Result "0-1"]
[Termination "normal"]
[Board "6"]
[WhiteElo "1403"]
[BlackElo "1511"]
[PlyCount "60"]
[WhiteFideId "12939862"]
[BlackFideId "12963283"]
[EventCountry "GER"]
[EventRounds "11"]
[EventType "swiss"]
[EventDate "2012.05.26"]

1. e4 c5 2. Nf3 d6 3. d4 cxd4 4. Nxd4 Nf6 5. Nc3 a6 6. Be3 e6 7. f3 b5 8. Qd2
Bb7 9. g4 Qc7 10. O-O-O Nc6 11. Nxc6 Bxc6 12. Bf4 Rd8 13. h4 e5 14. Bg5 Be7 15.
Bxf6 Bxf6 16. h5 h6 17. Bh3 Bg5 18. Qxg5 hxg5 19. Ne2 b4 20. Ng3 Bd7 21. Rd3 a5
22. Rhd1 Be6 23. Nf5 Bxf5 24. exf5 O-O 25. Rh1 Rc8 26. Rd2 d5 27. Rdh2 d4 28.
Bf1 a4 29. b3 axb3 30. axb3 Qc3 0-1

[Event "DEM U10 2012"]
[Site "Oberhof GER"]
[Date "2012.05.28"]
[Round "3"]
[White "ter Stal, Sven"]
[Black "Suvorov, Luca"]
[Result "0-1"]
[Termination "normal"]
[Board "7"]
[WhiteElo "1498"]
[BlackElo "1255"]
[PlyCount "108"]
[WhiteFideId "12946443"]
[BlackFideId "12977071"]
[EventCountry "GER"]
[EventRounds "11"]
[EventType "swiss"]
[EventDate "2012.05.26"]

1. Nf3 d5 2. e3 Nf6 3. b3 Bg4 4. h3 Bh5 5. Bb2 e6 6. Be2 Be7 7. O-O O-O 8. Ne5
Bxe2 9. Qxe2 Nbd7 10. f4 Ne4 11. Nxd7 Qxd7 12. Qg4 Bf6 13. Bxf6 Nxf6 14. Qf3
Qc6 15. c4 Qd6 16. cxd5 Qxd5 17. Qxd5 Nxd5 18. Nc3 Rfd8 19. Nxd5 Rxd5 20. Rfc1
c6 21. d4 f6 22. Rc4 Re8 23. Kf1 e5 24. e4 Rxd4 25. Rxd4 exd4 26. Re1 d3 27.
Re3 d2 28. Ke2 Rd8 29. Kd1 Kf7 30. Re2 Rd4 31. Rxd2 Rxe4 32. Rd7+ Re7 33. Rd4
Ke6 34. g4 Rd7 35. f5+ Ke7 36. Rxd7+ Kxd7 37. Kc2 Kd6 38. Kd2 Ke5 39. Ke3 h5
40. a3 a5 41. a4 b5 42. gxh5 bxa4 43. bxa4 Kxf5 44. Kd4 Ke6 45. Kc5 f5 46. Kb6
f4 47. Kxa5 f3 48. h6 gxh6 49. Kb6 f2 50. a5 f1=Q 51. a6 Qf8 52. Kb7 Kd7 53. a7
Qc8+ 54. Kb6 Qa8 0-1

[Event "DEM U10 2012"]
[Site "Oberhof GER"]
[Date "2012.05.28"]
[Round "3"]
[White "Arnold, Leander"]
[Black "Schilay, Lorenz"]
[Result "1-0"]
[Termination "normal"]
[Board "8"]
[WhiteElo "1221"]
[BlackElo "1494"]
[PlyCount "85"]
[WhiteFideId "12990230"]
[BlackFideId "12930180"]
[EventCountry "GER"]
[EventRounds "11"]
[EventType "swiss"]
[EventDate "2012.05.26"]

1. d4 d5 2. Nf3 Nf6 3. e3 Bf5 4. Nbd2 e6 5. Bd3 Bg6 6. O-O c5 7. Nb3 c4 8. Bxg6
hxg6 9. Nbd2 Bd6 10. Qe2 Qc7 11. g3 Nc6 12. c3 O-O-O 13. e4 dxe4 14. Nxe4 Nxe4
15. Qxe4 f5 16. Qxe6+ Kb8 17. Qxg6 Rdf8 18. Qg5 f4 19. Bd2 Rf6 20. Rae1 Rhf8
21. Ne5 Rf5 22. Nxc6+ bxc6 23. Qg6 R8f6 24. Qg4 Qf7 25. Qe2 Kb7 26. b3 cxb3 27.
axb3 fxg3 28. hxg3 Rg6 29. Kg2 Qc7 30. Qd3 Rff6 31. Ra1 Qb6 32. c4 Bb8 33. Ba5
Qa6 34. Bd8 Qxa1 35. Rxa1 Rd6 36. Bh4 Rg4 37. d5 c5 38. Qf3 Rdg6 39. d6+ Kb6
40. d7 Bc7 41. d8=Q Rd4 42. Qe8 Rgd6 43. Qb5# 1-0

[Event "DEM U10 2012"]
[Site "Oberhof GER"]
[Date "2012.05.28"]
[Round "3"]
[White "Biastoch, Bennet"]
[Black "Dobrikov, Marco"]
[Result "1-0"]
[Termination "normal"]
[Board "9"]
[WhiteElo "1488"]
[BlackElo "1217"]
[PlyCount "143"]
[WhiteFideId "12939889"]
[BlackFideId "12950378"]
[EventCountry "GER"]
[EventRounds "11"]
[EventType "swiss"]
[EventDate "2012.05.26"]

1. e4 e5 2. Nf3 Nf6 3. Nxe5 d6 4. Nf3 Nxe4 5. d4 d5 6. Bd3 Bd6 7. O-O O-O 8. c4
c6 9. Re1 Re8 10. Nc3 Nxc3 11. Rxe8+ Qxe8 12. bxc3 h6 13. cxd5 cxd5 14. Be3 Be6
15. Qc2 Nd7 16. Re1 Rc8 17. Bd2 Qd8 18. Qa4 a6 19. Rc1 Kh8 20. Qb3 Qb6 21. Qc2
Qc7 22. h3 Nb6 23. Re1 Nc4 24. Bxc4 Qxc4 25. Ne5 Qxd4 26. Nf3 Qf6 27. Qb2 b5
28. Qb1 Bxh3 29. gxh3 Qxf3 30. Re3 Qf6 31. Kf1 Bf4 32. Rf3 g5 33. Be3 Rxc3 34.
Qb2 d4 35. Bxd4 Qxd4 36. Qxc3 Qxc3 37. Rxc3 a5 38. Rc5 a4 39. Rxb5 a3 40. Ke2
Kg7 41. Rb6 f6 42. Kd1 Kg6 43. Ra6 Kf5 44. Rxa3 Ke4 45. Ke2 h5 46. Rd3 f5 47.
a4 g4 48. f3+ gxf3+ 49. Rxf3 Bg5 50. a5 Bd8 51. a6 Bb6 52. Rb3 Ba7 53. Rb7 Bc5
54. a7 Bxa7 55. Rxa7 Kf4 56. Kf2 Kg5 57. Ra4 f4 58. Kf3 Kh4 59. Rxf4+ Kxh3 60.
Rf5 h4 61. Rh5 Kh2 62. Rxh4+ Kg1 63. Re4 Kh2 64. Rg4 Kh3 65. Rg8 Kh4 66. Kf4
Kh5 67. Kf5 Kh4 68. Rg7 Kh3 69. Kf4 Kh2 70. Kf3 Kh1 71. Kf2 Kh2 72. Rh7# 1-0

[Event "DEM U10 2012"]
[Site "Oberhof GER"]
[Date "2012.05.28"]
[Round "3"]
[White "Pfreundt, Mathis"]
[Black "Renger, Niklas"]
[Result "1/2-1/2"]
[Termination "normal"]
[Board "10"]
[WhiteElo "1035"]
[BlackElo "1622"]
[PlyCount "61"]
[WhiteFideId "12967092"]
[BlackFideId "12908096"]
[EventCountry "GER"]
[EventRounds "11"]
[EventType "swiss"]
[EventDate "2012.05.26"]

1. e4 c5 2. Nf3 d6 3. d4 cxd4 4. Nxd4 Nf6 5. Nc3 g6 6. Be3 Bg7 7. f3 O-O 8. Qd2
Nc6 9. O-O-O d5 10. Nxc6 bxc6 11. exd5 Nxd5 12. Nxd5 cxd5 13. Qxd5 Qc7 14. Qc5
Qb7 15. Qb5 Qxb5 16. Bxb5 Rb8 17. Bc4 Bxb2+ 18. Kd2 Rb7 19. Rb1 Rd7+ 20. Ke2
Be5 21. g3 Rc7 22. Bd3 Be6 23. a4 Bc4 24. Rhd1 Rfc8 25. Ke1 Bxd3 26. cxd3 Rc2
27. Rbc1 R8c7 28. Rxc2 Rxc2 29. f4 Bf6 30. Bd2 Ra2 31. a5 1/2-1/2

[Event "DEM U10 2012"]
[Site "Oberhof GER"]
[Date "2012.05.28"]
[Round "3"]
[White "Mantel, Ruben"]
[Black "Kück, Artur"]
[Result "1-0"]
[Termination "normal"]
[Board "11"]
[WhiteElo "1539"]
[BlackElo "1212"]
[PlyCount "77"]
[WhiteFideId "12930121"]
[BlackFideId "12965120"]
[EventCountry "GER"]
[EventRounds "11"]
[EventType "swiss"]
[EventDate "2012.05.26"]

1. e4 c5 2. Nc3 Nc6 3. g3 g6 4. Bg2 Bg7 5. f4 e6 6. d3 Nge7 7. Be3 b6 8. Qd2 f5
9. e5 Bb7 10. Nb5 Nc8 11. d4 a6 12. Nc3 d5 13. Nge2 c4 14. O-O b5 15. a3 O-O
16. b3 Nb6 17. b4 Ra7 18. Rfb1 Qe7 19. h3 h5 20. Bf3 Rfa8 21. Qe1 a5 22. Nxb5
Ra6 23. c3 axb4 24. axb4 Na4 25. Nd6 Nd8 26. b5 Ra5 27. Bc1 Nf7 28. Ba3 Nxd6
29. Bxd6 Qd7 30. Rb4 Bf8 31. Bxf8 Kxf8 32. g4 hxg4 33. hxg4 Nb6 34. Rab1 Ra4
35. Rxa4 Rxa4 36. Qh4 Ra5 37. Qh8+ Ke7 38. gxf5 gxf5 39. Qf6+ 1-0

[Event "DEM U10 2012"]
[Site "Oberhof GER"]
[Date "2012.05.28"]
[Round "3"]
[White "Santos, Leonardo"]
[Black "Schneider, Jana"]
[Result "0-1"]
[Termination "normal"]
[Board "12"]
[WhiteElo "1189"]
[BlackElo "1462"]
[PlyCount "102"]
[WhiteFideId "12965049"]
[BlackFideId "12924997"]
[EventCountry "GER"]
[EventRounds "11"]
[EventType "swiss"]
[EventDate "2012.05.26"]

1. e4 e5 2. Nf3 Nc6 3. d4 exd4 4. Nxd4 Bb4+ 5. c3 Bc5 6. Be3 Bb6 7. Bc4 Ne5 8.
Bd3 Nf6 9. O-O O-O 10. f4 Neg4 11. Qf3 Nxe3 12. Qxe3 c5 13. e5 cxd4 14. cxd4
Ne8 15. Qe4 Qh4 16. Rf3 Qh6 17. Rh3 d5 18. Qe3 Bxh3 19. gxh3 Nc7 20. Nc3 Ne6
21. Ne2 f6 22. Kh1 fxe5 23. Qxe5 Nxf4 24. Nxf4 Qxf4 25. Qxd5+ Qf7 26. Qxf7+
Rxf7 27. Bc4 Rc8 28. b3 Rxc4 29. bxc4 Bxd4 30. Rd1 Bb6 31. Rd2 h6 32. Kg2 Rc7
33. Rc2 Bc5 34. Kf3 Bb4 35. Ke4 a5 36. Kd5 Rc5+ 37. Kd4 b5 38. Rb2 bxc4 39. a4
c3 40. Rc2 Rh5 41. Ke4 Rxh3 42. Kf5 Kh7 43. Ke6 Rd3 44. Kf7 Rd2 45. Rc1 c2 46.
Rg1 Bc3 47. h3 Rd1 48. Rxg7+ Bxg7 49. Ke7 c1=Q 50. Kf7 Qe3 51. h4 Rf1# 0-1

[Event "DEM U10 2012"]
[Site "Oberhof GER"]
[Date "2012.05.28"]
[Round "3"]
[White "Preißler, Niklas"]
[Black "Merk, Daniel"]
[Result "0-1"]
[Termination "normal"]
[Board "13"]
[WhiteElo "1393"]
[BlackElo "1312"]
[PlyCount "86"]
[WhiteFideId "12927554"]
[BlackFideId "12938386"]
[EventCountry "GER"]
[EventRounds "11"]
[EventType "swiss"]
[EventDate "2012.05.26"]

1. e4 c6 2. d4 d5 3. e5 Bf5 4. Bd3 Bxd3 5. Qxd3 e6 6. Nf3 Qb6 7. Nc3 a6 8. b3
c5 9. Be3 Nc6 10. Na4 Qc7 11. Nxc5 Bxc5 12. dxc5 Nxe5 13. Nxe5 Qxe5 14. O-O Nf6
15. c4 Ng4 16. g3 Qh5 17. h4 Ne5 18. Qc3 dxc4 19. f4 Nc6 20. Qxg7 O-O-O 21. Qb2
Rhg8 22. Kh2 Rd3 23. Bf2 c3 24. Qc2 Nb4 25. Qc1 Qe2 26. Qe1 Rd2 27. Qxe2 Rxe2
28. Kh3 c2 29. Rae1 Rxe1 30. Rxe1 Nd3 31. Rf1 Nxf2+ 32. Rxf2 c1=Q 33. Rg2 Qh1+
34. Rh2 Qf3 35. Rg2 Rg4 36. b4 Rxf4 37. a4 Re4 38. c6 Re1 39. cxb7+ Kxb7 40. b5
axb5 41. axb5 h5 42. b6 Rh1+ 43. Rh2 Qf1# 0-1

[Event "DEM U10 2012"]
[Site "Oberhof GER"]
[Date "2012.05.28"]
[Round "3"]
[White "Yankelevich, Michael"]
[Black "Faal, Marcel"]
[Result "0-1"]
[Termination "normal"]
[Board "14"]
[WhiteElo "1718"]
[BlackElo "1169"]
[PlyCount "152"]
[WhiteFideId "12921440"]
[BlackFideId "1271978"]
[EventCountry "GER"]
[EventRounds "11"]
[EventType "swiss"]
[EventDate "2012.05.26"]

1. e4 c5 2. Nf3 Nc6 3. Nc3 e6 4. Bc4 Nf6 5. d4 d5 6. exd5 exd5 7. Bb5 Be7 8.
Ne5 Bd7 9. Nxd7 Qxd7 10. Bg5 Qe6+ 11. Be3 O-O 12. Bxc6 bxc6 13. O-O Qd7 14.
dxc5 Rad8 15. Bd4 Rfe8 16. Re1 Qc7 17. Qe2 Bxc5 18. Qd3 Bxd4 19. Rxe8+ Rxe8 20.
Qxd4 Ne4 21. Re1 Nf6 22. Rxe8+ Nxe8 23. Qe3 Nf6 24. Qd4 h6 25. g3 Qd7 26. Kg2
Qe7 27. Qd3 Qb7 28. b3 c5 29. Qb5 Qxb5 30. Nxb5 a6 31. Nc7 a5 32. f3 Kf8 33. c4
d4 34. Kf2 Ke7 35. Na8 Kd6 36. Nb6 Nd7 37. Na4 Ne5 38. Nb2 Nc6 39. a3 g5 40. g4
Ne7 41. Nd3 f5 42. h3 fxg4 43. fxg4 Ng6 44. Kf3 Ne5+ 45. Ke4 Nxd3 46. Kxd3 Ke6
47. Ke4 Kd6 48. Kd3 Ke5 49. b4 axb4 50. a4 Kd6 51. Kc2 Kc6 52. Kb2 Kb6 53. Kc2
Ka5 54. Kb3 d3 55. Kb2 Kxa4 56. Kc1 Ka3 57. Kd2 Ka2 58. Kxd3 b3 59. Ke4 b2 60.
Kd5 b1=Q 61. Kxc5 Qe1 62. Kd6 Kb3 63. c5 Qe2 64. Kd5 Qc4+ 65. Kd6 Kb4 66. c6
Kb5 67. c7 Kb6 68. Ke7 Qxc7+ 69. Kf6 Qd6+ 70. Kg7 Qe6 71. Kh7 Kc6 72. Kg7 Kd7
73. Kh7 Ke7 74. Kg7 Qf6+ 75. Kg8 Qf7+ 76. Kh8 Kf8 0-1

[Event "DEM U10 2012"]
[Site "Oberhof GER"]
[Date "2012.05.28"]
[Round "3"]
[White "Mertens, Yannick"]
[Black "Stirnberg, Noah"]
[Result "0-1"]
[Termination "normal"]
[Board "15"]
[WhiteElo "1701"]
[BlackElo "1145"]
[PlyCount "82"]
[WhiteFideId "12947865"]
[BlackFideId "16207742"]
[EventCountry "GER"]
[EventRounds "11"]
[EventType "swiss"]
[EventDate "2012.05.26"]

1. e4 c5 2. Nf3 d6 3. c3 Nc6 4. Bd3 g6 5. Bc2 Bg7 6. d3 e6 7. O-O Nge7 8. Re1
Qc7 9. Nbd2 b5 10. Nf1 a5 11. Bd2 Bb7 12. Ne3 h5 13. Rb1 b4 14. Qc1 a4 15. a3
b3 16. Bd1 O-O 17. d4 Nd8 18. Nc4 Ba6 19. Be2 Bxc4 20. Bxc4 Rc8 21. Be2 Qb6 22.
dxc5 Qxc5 23. Be3 Qc6 24. Bd4 e5 25. Ba7 Ra8 26. Be3 f5 27. exf5 Nxf5 28. Bd2
Re8 29. Ng5 e4 30. Nxe4 Rxe4 31. Bf3 Rxe1+ 32. Qxe1 d5 33. c4 Qxc4 34. Rc1 Qb5
35. Bg5 Nf7 36. Qe6 Qa6 37. Qxd5 Rc8 38. Re1 Qd6 39. Qb7 Qc5 40. Bd5 N5d6 41.
Bxf7+ Nxf7 0-1

[Event "DEM U10 2012"]
[Site "Oberhof GER"]
[Date "2012.05.28"]
[Round "3"]
[White "Könze, Heike"]
[Black "Pajeken, Jakob Leon"]
[Result "0-1"]
[Termination "normal"]
[Board "16"]
[WhiteElo "1172"]
[BlackElo "1385"]
[PlyCount "68"]
[WhiteFideId "12964476"]
[BlackFideId "12942839"]
[EventCountry "GER"]
[EventRounds "11"]
[EventType "swiss"]
[EventDate "2012.05.26"]

1. e4 e5 2. Nf3 Nc6 3. d4 exd4 4. Nxd4 Nf6 5. Nxc6 bxc6 6. e5 Qe7 7. Qe2 Nd5 8.
c4 Ba6 9. b3 g6 10. f4 Bg7 11. Qf2 Nb6 12. c5 Bxf1 13. cxb6 Ba6 14. Ba3 d6 15.
bxc7 Bxe5 16. fxe5 Qxe5+ 17. Kd2 Qxa1 18. Kc1 Qg7 19. Bxd6 Kd7 20. Rd1 Kc8 21.
Qe3 f6 22. Bg3 Qf7 23. Bd6 h5 24. Rd4 Re8 25. Qd2 Qe6 26. Be5 fxe5 27. Rd8+
Kxc7 28. Qa5+ Kb7 29. Qb4+ Bb5 30. Rxa8 Kxa8 31. a4 Bd3 32. Nc3 Rb8 33. Qc5
Qxb3 34. Qxe5 Qc2# 0-1

[Event "DEM U10 2012"]
[Site "Oberhof GER"]
[Date "2012.05.28"]
[Round "3"]
[White "Shen, Julian"]
[Black "Huber, Benedikt"]
[Result "1-0"]
[Termination "normal"]
[Board "17"]
[WhiteElo "1383"]
[BlackElo "1121"]
[PlyCount "63"]
[WhiteFideId "12942898"]
[BlackFideId "12923583"]
[EventCountry "GER"]
[EventRounds "11"]
[EventType "swiss"]
[EventDate "2012.05.26"]

1. e4 c5 2. Nc3 g6 3. g3 Bg7 4. Bg2 Nc6 5. d3 d6 6. f4 a6 7. Be3 b5 8. Qd2 b4
9. Nd1 Bd7 10. Ne2 a5 11. d4 Qb6 12. dxc5 dxc5 13. Qd5 Nd4 14. Qxa8+ Qd8 15.
Qxd8+ Kxd8 16. Nxd4 cxd4 17. Bf2 Bc6 18. O-O Bb5 19. Re1 d3 20. cxd3 Bxd3 21.
Bf1 Bxf1 22. Kxf1 Nf6 23. Rc1 Kd7 24. e5 Nd5 25. Rc5 e6 26. Rxa5 Rc8 27. Ra7+
Ke8 28. Ne3 Nc7 29. Rc1 Kd8 30. Ng2 f6 31. Bb6 fxe5 32. Rd1+ 1-0

[Event "DEM U10 2012"]
[Site "Oberhof GER"]
[Date "2012.05.28"]
[Round "3"]
[White "Feil, Alexander"]
[Black "Baltic, Fatih"]
[Result "0-1"]
[Termination "normal"]
[Board "18"]
[WhiteElo "1162"]
[BlackElo "1379"]
[PlyCount "150"]
[WhiteFideId "4002954"]
[BlackFideId "12979090"]
[EventCountry "GER"]
[EventRounds "11"]
[EventType "swiss"]
[EventDate "2012.05.26"]

1. e4 c5 2. d4 cxd4 3. c3 d3 4. Bxd3 d6 5. Nf3 e6 6. Bf4 Nd7 7. Nbd2 Ngf6 8.
O-O Be7 9. Nc4 Qc7 10. Re1 Ng4 11. h3 Nge5 12. Nfxe5 dxe5 13. Be3 Nf6 14. Qe2
b6 15. Rad1 Bb7 16. Bg5 Rc8 17. Nd2 O-O 18. Nf3 Rfd8 19. Bc2 Qc5 20. Bh4 a5 21.
Bxf6 Bxf6 22. Qe3 Qxe3 23. Rxd8+ Rxd8 24. Rxe3 Be7 25. Nxe5 Rd2 26. Bb3 Rxb2
27. Nc4 Rb1+ 28. Kh2 Rf1 29. f3 Bc5 30. Rd3 Kf8 31. Rd7 Bc6 32. Rc7 Bb5 33.
Nxa5 Bd6+ 34. g3 Bxc7 35. Nc4 Bxc4 36. Bxc4 Rf2+ 37. Kg1 Bxg3 38. a4 Rc2 39.
Bb5 Rc1+ 40. Kg2 Be5 41. c4 Ke7 42. Kf2 Kd6 43. Ke3 Rh1 44. f4 Bc3 45. e5+ Kc5
46. Kd3 Ba5 47. Ke2 Rxh3 48. Kf2 Rc3 49. Ke2 Rxc4 50. Bxc4 Kxc4 51. Ke3 h5 52.
Kf3 Kb4 53. Kg3 Kxa4 54. Kh4 b5 55. Kxh5 b4 56. Kg5 b3 57. f5 exf5 58. Kxf5 b2
59. Ke4 b1=Q+ 60. Kd5 Qc1 61. Kd6 Bc7+ 62. Ke7 Bxe5 63. Kxf7 Bc7 64. Ke6 Qd2
65. Kf5 Qe3 66. Kg4 Qf4+ 67. Kh5 Qf5+ 68. Kh4 g5+ 69. Kh5 g4+ 70. Kh4 Bd8+ 71.
Kg3 Qf3+ 72. Kh2 Bg5 73. Kg1 Be3+ 74. Kh2 Qf2+ 75. Kh1 Qg1# 0-1